01776nam a2200409Ii 4500001001300000003000800013006001900021007001500040008004100055035002200096040003100118020002700149020002500176043002100201050001800222100003200240245023200272264004200504300002300546336002600569336002800595337002600623338003600649347002100685347000800706490002500714504004100739588008000780610003600860610004200896650005100938650004700989655002201036776021001058830002601268856007201294DIGBOSCH0064NyNyDIGm o d cr |||||||||||220614s2018 sp ob 000 0 spa d a(OCoLC)1338646286 aDGITAbengerdaepncDGITA a9788494774331qdigital z9788494774324qpapel ae-sp---ancnq---14aK3240.5 ebook1 aCárdenas, Byron,eauthor.13aEl control de las normas internas en la jurisprudencia del Tribunal Europeo y la Corte Internacional de Derechos Humanos :bespecial consideración de su aplicación en España y Nicaragua /cByron G. Cárdenas Velásquez. 1aBarcelona :bJMB Bosch Editor,c2018. a1 online resource. atextbtxt2rdacontent astill image2rdacontent acomputerbc2rdamedia aonline resourcebcr2rdacarrier atext file2rdaft bPDF1 aBosch constitucional aIncludes bibliographical references.0 aOnline resource; title from PDF title page (Digitalia, viewed Jun 14, 2022)20aEuropean Court of Human Rights.20aInter-American Court of Human Rights. 0aInternational law and human rightszNicaragua. 0aInternational law and human rightszSpain. 0aElectronic books.08iPrint version:aCárdenas, Byron.tControl de las normas internas en la jurisprudencia del Tribunal Europeo y la Corte Internacional de Derechos Humanos.dBarcelona : JMB Bosch Editor, 2018z9788494774324 0aBosch constitucional.403Digitalia Hispánicauhttps://www.digitaliapublishing.com/a/61631/